00241nam a22000977a 4500008004100000082001100041245005400052260000900106300001000115440001800125180802b xxu||||| |||| 00| 0 eng d a813.52 aCaring for children and their familiescPotts.B.L c2002 a2fCD x9780766845473